Ashfaq ahmed beniaz sufi baba (Record no. 583409)

000 -LEADER
fixed length control field 00434nam a22001697a 4500
003 - CONTROL NUMBER IDENTIFIER
control field CEME
005 - DATE AND TIME OF LATEST TRANSACTION
control field 20210628210134.0
008 - FIXED-LENGTH DATA ELEMENTS--GENERAL INFORMATION
fixed length control field 210202b xxu||||| |||| 00| 0 eng d
040 ## - CATALOGING SOURCE
Transcribing agency .
082 ## - DEWEY DECIMAL CLASSIFICATION NUMBER
Classification number 891.4393 ISH
100 ## - MAIN ENTRY--PERSONAL NAME
Personal name Muhammad Shahid
9 (RLIN) 27318
245 ## - TITLE STATEMENT
Title Ashfaq ahmed beniaz sufi baba
260 ## - PUBLICATION, DISTRIBUTION, ETC.
Place of publication, distribution, etc. LAHORE
Name of publisher, distributor, etc. ILMO IRFAN
Date of publication, distribution, etc. 2004
300 ## - PHYSICAL DESCRIPTION
Extent 190P
650 ## - SUBJECT ADDED ENTRY--TOPICAL TERM
Topical term or geographic name entry element URDU ADAB-BIOGRAPHY OF ASHFAQ AHMED
9 (RLIN) 78261
942 ## - ADDED ENTRY ELEMENTS (KOHA)
Koha item type Book
Source of classification or shelving scheme
Holdings
Withdrawn status Lost status Source of classification or shelving scheme Damaged status Not for loan Permanent Location Current Location Shelving location Date acquired Shelving control number Full call number Barcode Date last seen Price effective from Koha item type Public note
          College of Electrical & Mechanical Engineering (CEME) College of Electrical & Mechanical Engineering (CEME) Fiction 02/27/2017 Urdu Literature 891.4393 ISH CEME-39873 06/28/2021 06/28/2021 Book 1.0
© 2023 Central Library, National University of Sciences and Technology. All Rights Reserved.